Statistics for Largest Cities in Africa Beginning With 'C'

Click here to take the quiz!

General Stats

  • This quiz has been taken 131 times
  • The average score is 6 of 18

Answer Stats

#PopulationCountryAnswer% Correct
121,900,000EgyptCairo
99%
34,375,000South AfricaCape Town
97%
24,625,000MoroccoCasablanca
97%
42,700,000GuineaConakry
93%
51,950,000BeninCotonou
77%
6550,000AngolaCabinda
46%
8448,028AlgeriaConstantine
46%
12169,894GhanaCape Coast
10%
15130,000AngolaCaála
8%
7540,000NigeriaCalabar
8%
16129,032Central African RepublicCarnot
5%
10363,336MozambiqueChimoio
5%
11185,246ZambiaChingola
5%
9371,244ZimbabweChitungwiza
5%
13155,134AlgeriaChlef
5%
17116,627ZambiaChipata
4%
1890,800ZimbabweChinhoyi
2%
14149,065South AficaCarletonville
1%

Score Distribution

Percentile by Number Answered

Percent of People with Each Score

Your Score History

You have not taken this quiz